LEADER 00949nam0 2200277 450 001 000008527 005 20071108124348.0 010 $a2800413212 100 $a20071108d2003----km-y0itay50------ba 101 0 $afre 102 $aBE 105 $ay-------001yy 200 1 $aSécurité et justice$eenjeu de la politique extérieure de l'Union européenne$fédité par Gilles De Kerchove et Anne Weyembergh$gpreface de Marc Verwilghen$gpostface d'Antonio Vitorino 210 $aBruxelles$cUniversité de Bruxelles$d[2003] 215 $aXII, 325 p.$d24 cm 225 2 $aEtudes européennes 410 0$12001$aEtudes européennes 610 1 $aUnione europea - Politica estera 676 $a327.116094$v21 702 1$aKerchove,$bGilles : de 702 1$aWeyembergh,$bAnne 801 0$aIT$bUNIPARTHENOPE$c2007$gRICA$2UNIMARC 912 $a000008527 951 $aH0148$b000484$cNAVA3$d20071108 996 $aSecurite et justice$9948252 997 $aUNIPARTHENOPE LEADER 02663nam0 2200505 i 450 001 VAN0124385 005 20230703115012.662 017 70$2N$a9783319735184 100 $a20191015d2017 |0itac50 ba 101 $aeng 102 $aCH 105 $a|||| ||||| 200 1 $aComprehensive Applied Mathematical Modeling in the Natural and Engineering Sciences$eTheoretical Predictions Compared with Data$fDavid J. Wollkind, Bonni J. Dichone 210 $aCham$cSpringer$d2017 215 $axxi, 607 p.$cill.$d24 cm 500 1$3VAN0235472$aComprehensive Applied Mathematical Modeling in the Natural and Engineering Sciences$91563126 606 $a34E15$xSingular perturbations, general theory for ordinary differential equation [MSC 2020]$3VANC021237$2MF 606 $a35K57$xReaction-diffusion equations [MSC 2020]$3VANC021665$2MF 606 $a35Q35$xPDEs in connection with fluid mechanics [MSC 2020]$3VANC022935$2MF 606 $a92D40$xEcology [MSC 2020]$3VANC023326$2MF 606 $a76E06$xConvection in hydrodynamic stability [MSC 2020]$3VANC023519$2MF 606 $a34A34$xNonlinear ordinary differential equations and systems, general theory [MSC 2020]$3VANC024338$2MF 606 $a93-10$xMathematical modeling or simulation for problems pertaining to systems and control theory [MSC 2020]$3VANC025288$2MF 606 $a78A60$xLasers, masers, optical bistability, nonlinear optics [MSC 2020]$3VANC029030$2MF 606 $a35B36$xPattern formation in context of PDEs [MSC 2020]$3VANC030981$2MF 610 $aAsymptotic expansions$9KW:K 610 $aCalculus of variations$9KW:K 610 $aContinuum Mechanics$9KW:K 610 $aMathematical modeling$9KW:K 610 $aPattern Formation$9KW:K 610 $aPerturbation Techniques$9KW:K 610 $aSpecial functions$9KW:K 610 $aStability Methods$9KW:K 620 $aCH$dCham$3VANL001889 700 1$aWollkind$bDavid J.$3VANV095827$0767653 701 1$aDichone$bBonni J.$3VANV095828$0767654 712 $aSpringer $3VANV108073$4650 801 $aIT$bSOL$c20240614$gRICA 856 4 $uhttp://doi.org/10.1007/978-3-319-73518-4$zE-book ? Accesso al full-text attraverso riconoscimento IP di Ateneo, proxy e/o Shibboleth 899 $aBIBLIOTECA DEL DIPARTIMENTO DI MATEMATICA E FISICA$1IT-CE0120$2VAN08 912 $fN 912 $aVAN0124385 950 $aBIBLIOTECA DEL DIPARTIMENTO DI MATEMATICA E FISICA$d08CONS e-book 0598 $e08eMF598 20191015 996 $aComprehensive Applied Mathematical Modeling in the Natural and Engineering Sciences$91563126 997 $aUNICAMPANIA